| 000 -CABECERA |
| campo de control de longitud fija |
01920nam a2200325 u 4500 |
| 001 - NÚMERO DE CONTROL |
| campo de control |
000048893 |
| 005 - FECHA Y HORA DE LA ÚLTIMA TRANSACCIÓN |
| campo de control |
20200120222620.0 |
| 008 - DATOS DE LONGITUD FIJA--INFORMACIÓN GENERAL |
| campo de control de longitud fija |
120509s2010 sp jr 000 | spa d |
| 020 ## - NÚMERO INTERNACIONAL ESTÁNDAR DEL LIBRO |
| Número Internacional Estándar del Libro |
9788434233393. |
| 043 ## - CÓDIGO DE ÁREA GEOGRÁFICA |
| Código de área geográfica |
e-sp--- |
| 082 04 - NÚMERO DE LA CLASIFICACIÓN DECIMAL DEWEY |
| Número de clasificación |
920.72 |
| Número de documento/Ítem |
G45a |
| Número de edición |
21 |
| 100 1# - ENTRADA PRINCIPAL--NOMBRE DE PERSONA |
| Nombre de persona |
Gil Martínez, Carmen. |
| 245 10 - MENCIÓN DE TÍTULO |
| Título |
Ana Frank / |
| Mención de responsabilidad, etc. |
texto Carmen Gil Martínez ; ilustraciones Mercé Galí Sanarau ; dirección editorial Lluís Borrás ; edición Cristina Vilella ; producción Manel Sánchez. |
| 250 ## - MENCIÓN DE EDICIÓN |
| Mención de edición |
3a. ed. |
| 260 ## - PUBLICACIÓN, DISTRIBUCIÓN, ETC. |
| Lugar de publicación, distribución, etc. |
Barcelona (España) : |
| Nombre del editor, distribuidor, etc. |
Parramón, |
| Fecha de publicación, distribución, etc. |
2010. |
| 300 ## - DESCRIPCIÓN FÍSICA |
| Extensión |
64 p. : |
| Otras características físicas |
il., col. |
| 490 #0 - MENCIÓN DE SERIE |
| Mención de serie |
Me llamo... |
| 500 ## - NOTA GENERAL |
| Nota general |
Incluye cronología. |
| 500 ## - NOTA GENERAL |
| Nota general |
Audiencia : A partir de 9 años. |
| 520 3# - SUMARIO, ETC. |
| Sumario, etc. |
"Me llamo Anneliesse Marie Frank, aunque todos me conocen por Ana Frank. Fui una chica normal y, como a la mayoría de las chicas de mi edad, me gustaba salir con mis amigas, cuchichearles mis secretos, hacer deporte, coquetear con los chicos, reírme... Pero me tocó vivir en una época difícil : la Segunda Guerra Mundial. En ella se persiguió a discapacitados, homosexuales, gitanos, eslavos, judíos... Millones de personas fueron deportadas, encerradas en campos de concentración, asesinadas en cámaras de gas... ¡El horror se apoderó del mundo! Un día también llegó a la casa en la que vivíamos escondidos. Un oficial de las SS vino a arrestarnos. Los nazis consiguieron apagar mi vida, pero no mi voz." |
| 600 14 - PUNTO DE ACCESO ADICIONAL DE MATERIA--NOMBRE DE PERSONA |
| Nombre de persona |
Frank, Ana, |
| Fechas asociadas al nombre |
1929-1945 |
| Subdivisión de forma |
Autobiografías. |
| Subdivisión general |
Literatura juvenil. |
| 600 24 - PUNTO DE ACCESO ADICIONAL DE MATERIA--NOMBRE DE PERSONA |
| Nombre de persona |
Frank, Ana, |
| Fechas asociadas al nombre |
1929-1945 |
| Subdivisión general |
Literatura juvenil. |
| 650 24 - PUNTO DE ACCESO ADICIONAL DE MATERIA--TÉRMINO DE MATERIA |
| Término de materia o nombre geográfico como elemento de entrada |
Holocausto judío (1939-1945) |
| Subdivisión general |
Literatura juvenil. |
| 650 24 - PUNTO DE ACCESO ADICIONAL DE MATERIA--TÉRMINO DE MATERIA |
| Término de materia o nombre geográfico como elemento de entrada |
Persecuciones a los judíos |
| Subdivisión general |
Literatura juvenil. |
| 650 24 - PUNTO DE ACCESO ADICIONAL DE MATERIA--TÉRMINO DE MATERIA |
| Término de materia o nombre geográfico como elemento de entrada |
Genocidio |
| Subdivisión general |
Literatura juvenil. |
| 700 1# - PUNTO DE ACCESO ADICIONAL--NOMBRE DE PERSONA |
| Nombre de persona |
Galí Sanarau, Mercé, |
| Término indicativo de función/relación |
il. |
| 700 1# - PUNTO DE ACCESO ADICIONAL--NOMBRE DE PERSONA |
| Nombre de persona |
Borrás, Lluís, |
| Término indicativo de función/relación |
dir. |
| 700 1# - PUNTO DE ACCESO ADICIONAL--NOMBRE DE PERSONA |
| Nombre de persona |
Vilella, Cristina, |
| Término indicativo de función/relación |
ed. |
| 700 1# - PUNTO DE ACCESO ADICIONAL--NOMBRE DE PERSONA |
| Nombre de persona |
Sánchez, Manel, |
| Término indicativo de función/relación |
prod. |